Pays avec le plus de corruption - Statistiques

Statistiques générales
  • Ce quiz a été pris 58 fois
  • Le résultat moyen est 10 sur 20
Statistiques - réponses
Index/100 Réponse % Correct
20 République Démocratique du Congo
81%
15 Corée du Nord
69%
13 Libye
65%
15 Syrie
65%
13 Vénézuela
65%
9 Somalie
63%
14 Soudan
63%
9 Soudan du Sud
60%
10 Yémen
54%
16 Afghanistan
52%
13 Erythrée
46%
17 Turkménistan
46%
19 Tadjikistan
44%
14 Nicaragua
40%
16 Birmanie
38%
17 Burundi
38%
16 Haïti
37%
15 Guinée Equatoriale
31%
20 Comores
29%
20 Cambodge
27%
Aucun quiz correspondant
Distribution des résultats
% des personnes avec chaque résultat
Percentile par nombre de réponses
Votre historique - résultats
Vous n’avez pas pris ce quiz